ATFAAL IRE (Record no. 215445)

MARC details
000 -LEADER
fixed length control field 00339nam a22001337a 4500
008 - FIXED-LENGTH DATA ELEMENTS--GENERAL INFORMATION
fixed length control field 250519b |||||||| |||| 00| 0 eng d
020 ## - INTERNATIONAL STANDARD BOOK NUMBER
International Standard Book Number 978-9914-9788-4-1
050 ## - LIBRARY OF CONGRESS CALL NUMBER
Classification number BP 44 .S53 2024 V.8
245 ## - TITLE STATEMENT
Title ATFAAL IRE
260 ## - PUBLICATION, DISTRIBUTION, ETC.
Place of publication, distribution, etc. NAIROBI
Name of publisher, distributor, etc. ATFAAL PUBLISHERS LIMITED
Date of publication, distribution, etc. 2024
300 ## - PHYSICAL DESCRIPTION
Extent 174P.
942 ## - ADDED ENTRY ELEMENTS (KOHA)
Source of classification or shelving scheme Library of Congress Classification
Koha item type Long Loan Book
Holdings
Withdrawn status Lost status Source of classification or shelving scheme Damaged status Not for loan Collection Home library Current library Shelving location Date acquired Inventory number Total checkouts Full call number Barcode Date last seen Copy number Price effective from Koha item type
    Library of Congress Classification     Arts & Social Sciences Kisii University Library Kisii University Library On Display 05/19/2025 104466   BP 44 .S53 2024 V.8 000000021567 05/19/2025 1 05/19/2025 Long Loan Book